000 00669nam a22002177a 4500
003 UA-OsUOA
001 48149
007 ta
008 20121216b un ||||| |||| 00| 0 ukr d
090 _a94(477).07
942 _cBK
040 _aUA-OsUOA
_beng
_cUA-OsUOA
_dUA-OsUOA
245 _aInternational Commission of Inquiry into the 1932-33 Famine in Ukraine. The Final Report 1990
300 _a87+12 p.
955 _a1
041 _aeng
080 _a94(477).07
650 7 _a9 Географія. Біографії. Історія
_2UDC
999 _c428252
_d428252